[Event "Chigorin Memorial 30th"]
[Site "St Petersburg"]
[Date "2023.10.26"]
[Round "6"]
[White "Klobukov, Sergey"]
[Black "Buzanov, Artemiy"]
[Result "1-0"]
[WhiteElo "1468"]
[BlackElo "1280"]
[PlyCount "147"]
[EventDate "2023.10.21"]
[EventType "swiss"]
[EventRounds "9"]
[EventCountry "RUS"]
[SourceTitle "Mega2024 Update 01"]
[Source "Chessbase"]
[SourceDate "2023.11.12"]
[SourceVersion "1"]
[SourceVersionDate "2023.11.12"]
[SourceQuality "1"]

1. Nf3 Nf6 2. g3 d5 3. Bg2 c5 4. 0-0 Nc6 5. d4 e6 6. a3 cxd4 7. Nxd4 Bd6 8. Nxc6 bxc6 9. c4 0-0 10. b4 Ba6 11. cxd5 cxd5 12. Bb2 Qe7 13. Re1 Rfd8 14. Nd2 Rac8 15. Qa4 Bc4 16. Rac1 h5 17. e4 e5 18. Rc3 Ba2 19. Rec1 Rxc3 20. Rxc3 d4 21. Rc6 h4 22. Qa6 hxg3 23. hxg3 Bb8 24. Bh3 Rd6 25. Rc8+ Kh7 26. Qb5 Rb6 27. Qc5 Qxc5 28. Rxc5 Be6 29. Bxe6 Rxe6 30. f3 Re8 31. Kf2 Nd7 32. Rc6 Nb6 33. Nc4 Rc8 34. Rxc8 Nxc8 35. a4 f6 36. b5 Nb6 37. Nxb6 axb6 38. Ba3 Bc7 39. Ke2 Kg6 40. g4 Kf7 41. Kd3 Ke6 42. Kc4 Bd8 43. Bb4 g6 44. Bd2 f5 45. Bc1 f4 46. Bd2 Bc7 47. Be1 g5 48. Bb4 Bd6 49. Be1 Be7 50. Bd2 Bd8 51. Bb4 Be7 52. Bd2 Bd6 53. a5 bxa5 54. Bxa5 Bb8 55. Bd8 Kd7 56. Bxg5 Bc7 57. Bh4 Ba5 58. Bf2 Ke6 59. Bh4 Kf7 60. Bg5 Ke6 61. Bh6 Kf6 62. Bf8 Bb6 63. Bb4 Kg5 64. Be1 Kf6 65. Kd5 d3 66. Kc6 Be3 67. b6 Bf2 68. Bd2 Be3 69. b7 Bxd2 70. b8Q Be3 71. Qd8+ Kg6 72. Qxd3 Bd4 73. Kd6 Kg5 74. Qe2 1-0

[Event "Chigorin Memorial 30th"]
[Site "St Petersburg"]
[Date "2023.10.23"]
[Round "3"]
[White "Buzanov, Artemiy"]
[Black "Lipovoy, Ivan"]
[Result "0-1"]
[WhiteElo "1280"]
[BlackElo "1588"]
[PlyCount "52"]
[EventDate "2023.10.21"]
[EventType "swiss"]
[EventRounds "9"]
[EventCountry "RUS"]
[SourceTitle "Mega2024 Update 01"]
[Source "Chessbase"]
[SourceDate "2023.11.12"]
[SourceVersion "1"]
[SourceVersionDate "2023.11.12"]
[SourceQuality "1"]

1. e4 c5 2. Nf3 Nc6 3. Bb5 g6 4. 0-0 Bg7 5. Re1 Nf6 6. c4 0-0 7. Nc3 Nd4 8. Nxd4 cxd4 9. Nd5 Nxd5 10. cxd5 d6 11. d3 e5 12. Bd2 f5 13. f3 f4 14. Re2 g5 15. h3 h5 16. Qa4 g4 17. Kh2 a6 18. Rc1 gxf3 19. gxf3 Qh4 20. Be1 Qxh3+ 21. Kg1 Qxf3 22. Rf2 Qg3+ 23. Kh1 Bg4 24. Rg2 Qh3+ 25. Kg1 axb5 26. Qc2 Rac8 0-1

[Event "Chigorin Memorial 30th"]
[Site "St Petersburg"]
[Date "2023.10.22"]
[Round "2"]
[White "Afanasieva, Maria"]
[Black "Buzanov, Artemiy"]
[Result "1-0"]
[WhiteElo "1678"]
[BlackElo "1280"]
[PlyCount "79"]
[EventDate "2023.10.21"]
[EventType "swiss"]
[EventRounds "9"]
[EventCountry "RUS"]
[SourceTitle "Mega2024 Update 01"]
[Source "Chessbase"]
[SourceDate "2023.11.12"]
[SourceVersion "1"]
[SourceVersionDate "2023.11.12"]
[SourceQuality "1"]

1. d4 Nf6 2. c4 e6 3. Nf3 d5 4. Bg5 Be7 5. Nc3 0-0 6. e3 Nbd7 7. Bd3 c6 8. 0-0 h6 9. Bh4 Nh5 10. Ne5 Nxe5 11. Bxe7 Qxe7 12. dxe5 g6 13. Be2 Ng7 14. e4 dxc4 15. Qd6 Qg5 16. f4 Qd8 17. Qxd8 Rxd8 18. Bxc4 b5 19. Bb3 Ba6 20. Rfd1 Kf8 21. Rd6 Bb7 22. Rad1 Ke7 23. g4 Ne8 24. Rxd8 Rxd8 25. Rxd8 Kxd8 26. f5 Nc7 27. a4 a6 28. Kf2 c5 29. Ke3 c4 30. Bd1 gxf5 31. exf5 exf5 32. gxf5 b4 33. Ne4 Nd5+ 34. Kd4 a5 35. Nd6 Bc6 36. Nxc4 Ne7 37. f6 Nf5+ 38. Kc5 Kc7 39. Nxa5 Bg2 40. Bb3 1-0

[Event "Chigorin Memorial 29th"]
[Site "St Petersburg"]
[Date "2022.10.25"]
[Round "4"]
[White "Klimentova, Anna"]
[Black "Buzanov, Artemiy"]
[Result "1-0"]
[WhiteElo "1532"]
[BlackElo "1284"]
[PlyCount "53"]
[EventDate "2022.10.22"]
[EventType "swiss"]
[EventRounds "9"]
[EventCountry "RUS"]
[SourceTitle "EXT 2024"]
[Source "ChessBase"]
[SourceDate "2023.10.10"]
[SourceVersion "1"]
[SourceVersionDate "2023.10.10"]
[SourceQuality "1"]

1. e4 e5 2. Nf3 Nc6 3. Bb5 a6 4. Ba4 Nf6 5. d3 b5 6. Bb3 d6 7. c3 Na5 8. Bc2 c5 9. 0-0 Be7 10. a4 Bg4 11. h3 Bh5 12. Nbd2 0-0 13. Re1 h6 14. Nf1 Qc7 15. Ng3 Bg6 16. Nh4 Rad8 17. Nhf5 Nc6 18. h4 Rfe8 19. h5 Bh7 20. Qf3 Bf8 21. Nxh6+ gxh6 22. Qxf6 Bg7 23. Qf3 c4 24. Nf5 Bxf5 25. exf5 cxd3 26. f6 dxc2 27. Qg3 1-0

[Event "Chigorin Memorial 29th"]
[Site "St Petersburg"]
[Date "2022.10.24"]
[Round "3"]
[White "Buzanov, Artemiy"]
[Black "Savvateev, Artem"]
[Result "0-1"]
[WhiteElo "1284"]
[BlackElo "1551"]
[PlyCount "87"]
[EventDate "2022.10.22"]
[EventType "swiss"]
[EventRounds "9"]
[EventCountry "RUS"]
[SourceTitle "EXT 2024"]
[Source "ChessBase"]
[SourceDate "2023.10.10"]
[SourceVersion "1"]
[SourceVersionDate "2023.10.10"]
[SourceQuality "1"]

1. e4 c5 2. Nf3 g6 3. d4 cxd4 4. Nxd4 Bg7 5. c4 Nc6 6. Be3 Nf6 7. Nc3 Ng4 8. Nxc6 Nxe3 9. Nxd8 Nxd1 10. Rxd1 Kxd8 11. Kd2 b6 12. Bd3 h5 13. f4 d6 14. b3 Bg4 15. Rde1 h4 16. Nd5 Bd7 17. Rhf1 e6 18. Ne3 f5 19. Rd1 Kc7 20. Ke2 Rag8 21. Rf2 a6 22. a4 a5 23. Kf3 Bc6 24. Nc2 g5 25. Re2 Be8 26. Na3 Bh5+ 27. Kf2 Bxe2 28. Nb5+ Kc6 29. Bxe2 Bf8 30. e5 dxe5 31. fxe5 Bc5+ 32. Kf1 g4 33. h3 Rd8 34. hxg4 fxg4 35. Bxg4 Rhf8+ 36. Ke1 Rxd1+ 37. Kxd1 Kd7 38. Nc3 Rf1+ 39. Ke2 Rf2+ 40. Kd3 Rxg2 41. Nd5 Rg3+ 42. Kc2 h3 43. Nf4 Rxg4 44. Nxh3 0-1